00752nam a2200241Ia 450000100060000000300090000600800410001504000130005604000130006904100130008210000170009510000280011224500540014024500450019425000110023926000090025026000100025926000490026930000550031850000770037365000290045065000310047917105IT-RoPAU130308s9999 xx 000 0 und d aIT-RoPAU cIT-RoPAU aITALIANO aUggeri Italo gCodice Aut. SPICS: 274 aStampa democratica nel tunnel del terrorismo (La) bUnione Cattolica Stampa Italiana 1979-80 a1a ed. aROMA bCisad c1980 [1° Ed.:1980 - Ed.Ling.Originale:1980] a"9 p. (prefazione: no ; testo: 9 [pagine: 89-97])" aNovità e Impreparazione conformismo Acritico Parzialità e Garantismo aSAGGI DI STAMPA DI MASSA eCodice materia Spics: 6661